1292 1082 1088 1839 1343 1858 1580 1763 1785 1452 1650 1706 1065 1639 1322 1354 1785 1298 1441 1115 1605 1569 1294 1386 1152 1415 1733 1785 1030 1025 1897 1967 1817 1556 1402 1041 1645 1190 1942 1017 1416 1897 1554 1947 1105 1937 1352 1684 1167 1426 1913 1576 1078 1496 1343 1114 1946 1907 1693 1084 1826 1800 1924 1346 1725 1661 1241 1194 1001 1339 1202 1103 1465 1648 1864 1957 1753 1867 1240 1767 1986 1603 1664 1546 1486 1010 1338 1837 1123 1961 1216 1676 1673 1644 1755 1880 1839 1968 1278 BCNSPRNW ULIB Ver.6.0+V

เปลี่ยนเป็นภาษาไทย

Change to English
 แสดงรายละเอียดบรรณานุกรม
  กลับหน้าหลัก

Brief Record : Get Marc (ISO 2709) : E-mail record : QR code < ปิดหน้าต่าง
LEADER : 00000nam 2200000uu 4500
001    13399115109
003     ULIB
008    120710s2006||||th 000 0 tha d
020    ^a9781405315463
060  4 ^aQT104^bW183C
100 1  ^aRichard Walker
245 14 ^ae.explore human body /^cRichard Walker
250    ^a1st ed.
260    ^aLondon. :^bDorling Kindersley Limited,^c2006
650  0 ^aHuman anatomy
650  0 ^aBody, Human
945    ^p0^l0^i16284
995    ^aKanchaporn
999    ^aใช้งานได้ทุกระบบ
รายการนี้ยังไม่มีแท็ก
คุณยังไม่ได้ล็อกอิน คุณสามารถมีกิจกรรมร่วมกับเว็บไซต์ได้ แต่ต้องล็อกอินก่อน ::
  ล็อกอิน

รายการสื่อสารสนเทศ

ลำดับที่ ประเภท เลขเรียก/บาร์โค้ด สถานที่ สถานะ
- ไม่พบข้อมูล -

รายการใกล้เคียง
    ผู้แต่ง [Richard Walker]

    หัวเรื่อง [Human anatomy]
    หัวเรื่อง [Body, Human]

BibComment


ยังไม่เคยถูกคอมเมนท์

คอมเมนท์ทรัพยากรรายการนี้
  คอมเมนท์: eexplore human b..


 Copyright 2026. Bcnsprnw @Library